2025-2026 NFL Punters - Statistics

General Stats
  • This quiz has been taken 14 times
  • The average score is 6 of 32
Answer Stats
Team Name % Correct
Chicago Bears Tory Taylor
45%
Tennessee Titans Johnny Hekker
36%
Baltimore Ravens Jordan Stout
36%
Seattle Seahawks Michael Dickson
36%
Houston Texans Tommy Townsend
36%
New York Jets Austin McNamara
27%
Cleveland Browns Corey Bojorquez
27%
Pittsburgh Steelers Corliss Waitman
27%
Green Bay Packers Daniel Whelan
27%
Los Angeles Rams Ethan Evans
27%
Detroit Lions Jack Fox
27%
Buffalo Bills Mitch Wishnowsky
27%
Minnesota Vikings Ryan Wright
27%
Las Vegas Raiders A.J. Cole
18%
Dallas Cowboys Bryan Anger
18%
New England Patriots Bryce Baringer
18%
New York Giants Jamie Gillan
18%
Jacksonville Jaguars Logan Cooke
18%
Kansas City Chiefs Matt Araiza
18%
Cincinnati Bengals Ryan Rehkow
18%
Tampa Bay Buccaneers Trenton Gill
18%
Washington Commanders Tress Way
18%
Philadelphia Eagles Braden Mann
9%
Atlanta Falcons Bradley Pinion
9%
Los Angeles Chargers J.K. Scott
9%
New Orleans Saints Kai Kroeger
9%
Indianapolis Colts Rigoberto Sanchez
9%
Denver Broncos Riley Dixon
9%
Miami Dolphins Ryan Stonehouse
9%
Carolina Panthers Sam Martin
9%
Arizona Cardinals Blake Gillikin
0%
San Francisco 49ers Thomas Morsetad
0%
No matching quizzes found
Score Distribution
Percent of People with Each Score
Percentile by Number Answered
Your Score History
You have not taken this quiz